01252nam a2200301 a 450000100060000000300080000600500170001400800410003102000180007203500190009004000590010904100080016808200250017624501460020125000130034726000740036030000350043450400510046965000380052065000490055865000390060765000330064670000300067970000500070994200120075999900170077195201620078868180BD-RjUL20211209081735.0050827r20112006n a b 001 0 eng  a9780781797665 a(BD-RjUL)68390 aDNLM/DLCcDLCdNLMdBAKERdC#PdUKMdDLCdBD-RjULbeng aeng00223a615.19bMAR 201110aMartin's physical pharmacy and pharmaceutical sciences :bphysical chemical and biopharmaceutical principles in the pharmaceutical sciences / a6th ed.  aPhiladelphia :bLippincott Williams & Wilkins,cc2006 [rerinted 2011] aviii, 659 p. :bill. ;c29 cm. aIncludes bibliographical references and index. 0aPharmaceutical chemistry.9202105 0aChemistry, Physical and theoretical.920210612aChemistry, Pharmaceutical.920138712aChemistry, Physical.92021071 aSinko, Patrick J.92021081 aMartin, Alfred N.tPhysical pharmacy.9202109 2ddccBK c68180d68180 00102ddc40718NFICaRUCLbRUCLcReadingd2011-03-12eParagon Enterprise ltd., Dhakag1195.00l0o615.19 MAR 2011r2017-03-30 00:00:00tC-1w2017-03-30yBK